000 00921nam a2200205 a 4500
008 120416s1999 ||||||||||||||||| || u
020 _a8120314743
050 _aTA 170 Sin
100 _aSincero, Arcadio P
245 1 0 _aEnvironmental engineering
246 _aa design approach
260 _aNew Delhi
_bPrentice-Hall of India
_c1999
300 _axx ; 795p. ; ill.
350 _a0.00
650 _aENGINEERING
650 _aENVIRONMENRAL ENGINEERING
995 _aANNEX COLLECTION (Main Library)
_D0.00
_e732029
_FCBU-MAIN LIBRARY (Kitwe)
_H1
_I35.95
_jTA 170 Sin
_M1
_UAVAILABLE
_y029479
_ZAnnex Low-Usage Collection
995 _aBINDERY (DAMAGED)
_D0.00
_e732028
_FCBU-MAIN LIBRARY (Kitwe)
_H2
_I35.95
_jTA 170 Sin
_M2
_UDAMAGED
_y029486
_ZMain Library Open Access Collection
995 _aBINDERY (DAMAGED)
_D0.00
_e732030
_FCBU-MAIN LIBRARY (Kitwe)
_H3
_I35.95
_jTA 170 Sin
_M3
_UDAMAGED
_y029480
_ZMain Library Open Access Collection
999 _c62737
_d62737